| 000 | 01073cam a2200325 i 4500 | ||
|---|---|---|---|
| 001 | 200442272 | ||
| 003 | TR-AnTOB | ||
| 005 | 20240902132422.0 | ||
| 007 | ta | ||
| 008 | 970312s1991 tu af 000 0 tur | ||
| 040 |
_aDLC _beng _erda _cDLC _dTR-AnTOB |
||
| 041 | 0 | _atur | |
| 050 | 1 | 4 |
_aHG5706.5.I96 _bT53 1991 |
| 090 |
_aTOBBK HG5706.5.I96 _bT53 1991 |
||
| 245 | 0 | 0 | _aTicaret borsaları ve İzmir Ticaret Borsası. |
| 264 | 1 |
_a[İzmir] : _bİzmir Ticaret Borsası, _c[1991] |
|
| 300 |
_a89 pages : _billustration ; _c24 cm |
||
| 336 |
_atext _btxt _2rdacontent |
||
| 337 |
_aunmediated _bn _2rdamedia |
||
| 338 |
_avolume _bnc _2rdacarrier |
||
| 490 | 0 |
_aİzmir Ticaret Borsası 100. yıl etkinlikleri ; _vyayın no. 42 |
|
| 546 | _aSummary in English. | ||
| 610 | 2 | 0 |
_aİzmir Ticaret Borsası _927477 |
| 650 | 0 |
_aMenkul değerler borsası _zTürkiye _2etuturkob _984154 |
|
| 651 | 0 |
_aİzmir (Türkiye) _xEkonomik durum _957141 |
|
| 710 | 2 |
_aİzmir Ticaret Borsası _927477 |
|
| 942 |
_2z _cBK |
||
| 999 |
_c200442272 _d60484 |
||